Statistics for Top 15 Countries with Covid-19 Deaths - 25 January 2021

Click here to take the quiz!

General Stats

  • This quiz has been taken 10 times
  • The average score is 17 of 24

Answer Stats

country% Correct
Brazil
100%
Italy
100%
Mexico
100%
Russia
100%
Spain
100%
United Kingdom
100%
United States
100%
France
88%
India
88%
Iran
88%
Argentina
75%
Germany
75%
Colombia
63%
Panama
63%
Peru
63%
South Africa
63%
Belgium
50%
Bosnia and
Herzegovina
38%
Croatia
38%
Czechia
38%
Hungary
38%
North Macedonia
38%
Slovenia
38%
Bulgaria
25%

Score Distribution

Percentile by Number Answered

Percent of People with Each Score

Your Score History

You have not taken this quiz